Environmental Aspects in Motor Vehicle Taxation as a Support for Circular Economy Entities in Selected EU Countries
Zhodnotenie využívania dane z motorových vozidiel na Slovensku, ako nástroja na podporu subjektov obehovej ekonomiky a trvalo udržateľného rozvoja a poukázanie na možnosti efektívnejšieho využívania environmentálnych prvkov zdanenia motorových vozidiel na základe porovnania právnej úpravy zdaňovania...
Saved in:
| Main Author: | |
|---|---|
| Format: | Book Chapter |
| Language: | Slovak |
| Subjects: | |
| Tags: |
No Tags, Be the first to tag this record!
|
MARC
| LEADER | 00000naa$a2200000$$$4500 | ||
|---|---|---|---|
| 001 | 0298755 | ||
| 005 | 20240502084009.5 | ||
| 041 | 0 | |a slo | |
| 044 | |a CZ | ||
| 245 | 1 | 0 | |a Environmental Aspects in Motor Vehicle Taxation as a Support for Circular Economy Entities in Selected EU Countries |c Ivona Ďurinová |
| 520 | |a Zhodnotenie využívania dane z motorových vozidiel na Slovensku, ako nástroja na podporu subjektov obehovej ekonomiky a trvalo udržateľného rozvoja a poukázanie na možnosti efektívnejšieho využívania environmentálnych prvkov zdanenia motorových vozidiel na základe porovnania právnej úpravy zdaňovania motorových vozidiel na Slovensku a v Lotyšsku. Pozornosť sa zameriava najmä na zdaňovanie osobných automobilov. | ||
| 610 | 2 | 0 | |a politika daňová |
| 610 | 2 | 0 | |a prostredie životné |
| 610 | 2 | 0 | |a environmentalistika |
| 610 | 2 | 0 | |a hospodárstvo obehové |
| 610 | 2 | 0 | |a vozidlá motorové |
| 610 | 2 | 0 | |a zdaňovanie |
| 100 | 1 | |a Ďurinová, Ivona, 1964- | |